000 00644nam a22001937a 4500
005 20131008104622.0
010 _aENG-107946
020 _c450.00
_a9789350352885
035 _aEN-91479
037 _bDBAD/PUB
082 _a346.540163
100 _aDas, P.K.
245 0 0 _aLaw relating to cruelty to husband :
_cby P.K. Das
_bdivorce and maintenance to wife /
250 _a3rd ed
260 _aDelhi
_bUniversal Law Publishing
_c2013
270 _aC-FF-1A, Dilkhus Industrial Estate, (Near Azadpur Metro Station) G.T. Karnal Road,
_bDelhi
_e110033
300 _aliv,398p.
_c26cm(pbk)
942 _2ddc
_cEN
_mDAS
_h346.540163
999 _c77393
_d77393